| 000 | 00519nam a22001457a 4500 | ||
|---|---|---|---|
| 003 | OSt | ||
| 082 | _a666 | ||
| 088 | _aP555 | ||
| 100 |
_aHISANA THASNIM, M HIMA, M. M _aADEEBA MUHSINA, LULU _aBINCY, T. P _aDEEPTHI, K. V _95326 |
||
| 245 | _aREFINEMENT AND PERFREMANCE EVALUATION OF EXISTING JACKFRUIT PEELER, CORER CUM CUTTING MACHINE | ||
| 260 |
_aThavanur _KKelappaji College of Agricultural Engineering and Technology _c2022 |
||
| 700 | _aRAJESH, G. K (Guide) | ||
| 700 |
_aANJALY, M. G (Guide) _95327 |
||
| 942 | _cPR | ||
| 999 |
_c17593 _d17593 |
||